Statistics for All Tennis ATP Masters 1000 Winners of 2015

Click here to take the quiz!

General Stats

  • This quiz has been taken 44 times
  • The average score is 9 of 9

Answer Stats

TournamentPlayer% Correct
Indian WellsNovak Djokovic
97%
MiamiNovak Djokovic
97%
Monte-CarloNovak Djokovic
97%
RomeNovak Djokovic
97%
ShanghaiNovak Djokovic
97%
ParisNovak Djokovic
97%
CincinnatiRoger Federer
95%
MadridAndy Murray
89%
Rogers CupAndy Murray
89%

Score Distribution

Percentile by Number Answered

Percent of People with Each Score

Your Score History

You have not taken this quiz